Biggest cities in Region Zealand in Denmark - Statistics

General Stats
  • This quiz has been taken 21 times
  • The average score is 11 of 15
Answers on the Map
Answers color-coded by a green-red scale on the quiz's map according to % correct below.
 
Answer Stats
Population City % Correct
38,304 Køge
93%
51,916 Roskilde
93%
44,331 Næstved
87%
23,086 Ringsted
87%
34,636 Slagelse
87%
16,211 Kalundborg
80%
29,608 Holbæk
73%
14,463 Korsør
73%
12,495 Nakskov
73%
16,911 Nykøbing (Falster)
73%
7,999 Sorø
73%
6,472 Skælskør
67%
12,119 Haslev
53%
10,134 Jyllinge
40%
17,337 Solrød Strand
33%
No matching quizzes found
Score Distribution
Percent of People with Each Score
Percentile by Number Answered
Your Score History
You have not taken this quiz